000 00635nam a2200229Ia 4500
003 OSt
005 20230418095939.0
008 210423s2011 xx 000 0 und d
020 _a9788171888665
040 _cAL
041 _aeng
082 _a332 KOCS
100 _aKOCHHAR (Sameer)
_989716
245 _aGrowth and finance: essays in honour of C Rangarajan
260 _aNew Delhi
_bAcademic Foundation
_c2011
300 _axxiv,351
_bPB
365 _b1095
_cINR
650 _aEconomics
_989717
650 _aFinancial Economics
_989718
906 _aC ; essays ; finance: ; Growth ; honour ; Rangarajan
942 _2ddc
_cBK
999 _c160004
_d160004